| 000 | 00961nam a22002417a 4500 | ||
|---|---|---|---|
| 999 |
_c9889 _d9889 |
||
| 003 | AR-CdUCM | ||
| 008 | 190328b ||||| |||| 00| 0 spa d | ||
| 040 |
_aMUNICIPALIDAD PROVINCIAL DEL CUSCO _cBIBLIOTECA MUNICIPAL DEL CUSCO |
||
| 082 |
_a631.45 / _bV82 / 1944 |
||
| 100 |
_aVogt, Guillermo _926411 |
||
| 245 | _aEl hombre y la tierra / | ||
| 260 |
_aMéxico : _bSecretaria de Educación Pública, _c1944. |
||
| 300 |
_a94 páginas ; _bilustraciones, _c19 cm. |
||
| 440 |
_aBiblioteca Enciclopédica Popular. _n32 _926412 |
||
| 505 | _aContenido: La tierra, dueña del hombre -- Los frutos de la tierra -- México tiene sed -- El suelo fuente de la vida -- La tela de la vida -- Sólo Dios puede hacer un árbol ... | ||
| 650 |
_aSuelos _919092 |
||
| 650 |
_aNaturaleza _94241 |
||
| 650 |
_aMéxico _918 |
||
| 650 |
_aConservación y protección _926413 |
||
| 700 |
_aAlcala, Manuél (palabras preliminares) _926414 |
||
| 942 |
_2ddc _cLIBROS |
||
| 945 | _aachl | ||